Statistics for Led Zeppelin Songs

Click here to take the quiz!

General Stats

  • This quiz has been taken 6,385 times
    (5,828 since last reset)
  • The average score is 36 of 81

Answer Stats

% Correct
Stairway to Heaven
96%
Black Dog
89%
Kashmir
83%
Immigrant Song
82%
Whole Lotta Love
82%
Rock and Roll
77%
Dazed and Confused
73%
When the Levee Breaks
73%
Good Times Bad Times
69%
Going to California
68%
Communication Breakdown
67%
Heartbreaker
66%
Houses of the Holy
66%
Ramble On
64%
The Lemon Song
63%
Babe I'm Gonna Leave You
61%
Misty Mountain Hop
61%
Moby Dick
60%
The Battle of Evermore
59%
D'yer Mak'er
58%
The Ocean
57%
Achilles Last Stand
55%
Over the Hills and Far Away
55%
Tangerine
55%
The Rain Song
55%
Four Sticks
54%
No Quarter
54%
All My Love
53%
Living Loving Maid (She's Just a Woman)
51%
Since I've Been Loving You
51%
The Song Remains the Same
50%
Thank You
47%
Fool in the Rain
45%
Gallows Pole
45%
What Is and What Should Never Be
43%
Custard Pie
42%
In My Time of Dying
42%
Friends
41%
How Many More Times
41%
The Rover
41%
Celebration Day
40%
Trampled Underfoot
40%
Your Time is Gonna Come
39%
You Shook Me
39%
Black Mountain Side
38%
Bring It On Home
38%
Bron-Y-Aur Stomp
38%
Hot Dog
38%
The Crunge
38%
Dancing Days
37%
In the Evening
37%
Hats Off to (Roy) Harper
36%
Ten Years Gone
36%
I Can't Quit You Baby
35%
I Can't Quit You Baby
35%
Nobody's Fault but Mine
33%
Out on the Tiles
33%
Bron-Yr-Aur
32%
In the Light
32%
That's the Way
32%
Down by the Seaside
30%
Tea for One
30%
The Wanton Song
30%
Carouselambra
29%
Boogie with Stu
28%
Black Country Woman
27%
Bonzo's Montreux
25%
Candy Store Rock
25%
Sick Again
25%
Night Flight
24%
Royal Orleans
23%
For Your Life
21%
I'm Gonna Crawl
21%
Darlene
20%
Poor Tom
20%
Hots On for Nowhere
18%
Ozone Baby
18%
South Bound Saurez
18%
We're Gonna Groove
18%
Wearing and Tearing
16%
Walter's Walk
15%

Score Distribution

Percentile by Number Answered

Percent of People with Each Score

Your Score History

You have not taken this quiz since the last reset